El pan de la memoria / (Registro nro. 112420)

Detalles MARC
000 -LEADER
campo de control de longitud fija 00612nam a2200205 4500
001 - NÚMERO DE CONTROL
campo de control 112420
003 - IDENTIFICADOR DE NÚMERO DE CONTROL
campo de control ES-MaACL
005 - FECHA Y HORA DE LA ÚLTIMA TRANSACCIÓN
campo de control 20240524062957.0
007 - CAMPO FIJO DE DESCRIPCIÓN FÍSICA--INFORMACIÓN GENERAL
campo de control de longitud fija t|
008 - DATOS DE LONGITUD FIJA--INFORMACIÓN GENERAL
campo de control de longitud fija 061121s1979 sp r ||||1| spa d
100 0# - ENTRADA PRINCIPAL--NOMBRE DE PERSONA
Nombre de persona Muñoz Hidalgo, Manuel,
Fechas asociadas al nombre 1939-
9 (RLIN) 84434
245 13 - MENCIÓN DEL TÍTULO
Título El pan de la memoria /
Mención de responsabilidad, etc. Manuel Muñoz Hidalgo.
260 ## - PUBLICACIÓN, DISTRIBUCIÓN, ETC.
Lugar de publicación, distribución, etc. Barcelona :
Nombre del editor, distribuidor, etc. Vosgos,
Fecha de publicación, distribución, etc. 1979.
300 ## - DESCRIPCIÓN FÍSICA
Extensión 100 p. ;
Dimensiones 18 cm.
490 1# - MENCIÓN DE SERIE
Mención de serie Nudo al alba ;
Designación de volumen o secuencia vol. 64
830 0# - PUNTO DE ACCESO ADICIONAL DE SERIE-TÍTULO UNIFORME
Título uniforme Nudo al alba ;
Designación de volumen o secuencia vol. 64
9 (RLIN) 184345
852 ## - LOCALIZACIÓN
Ubicación ES-MaACL
Número de control de estantería C-16336
Sublocalización o colección R.100704
852 ## - LOCALIZACIÓN
Ubicación ES-MaACL
Número de control de estantería L-12657
Sublocalización o colección R.113910
Existencias
Estatus retirado Estado de pérdida Fuente del sistema de clasificación o colocación Estado de daño Restricciones de uso No para préstamo Biblioteca de origen Biblioteca actual Ubicación en estantería Fecha de adquisición Número de inventario Total de préstamos Signatura topográfica completa Código de barras Visto por última vez Precio de reemplazo Tipo de ítem Koha
    Clasificación decimal universal   Duplicado   Biblioteca del Ateneo de Madrid Biblioteca del Ateneo de Madrid Galería 17/01/2008 R.100704   C-16336 1117271 23/02/2023 23/02/2023 Libro impreso
    Clasificación decimal universal   Duplicado   Biblioteca del Ateneo de Madrid Biblioteca del Ateneo de Madrid Depósito 1 17/01/2008     A-10515 1117273 23/02/2023 23/02/2023 Libro impreso
    Clasificación decimal universal   Duplicado   Biblioteca del Ateneo de Madrid Biblioteca del Ateneo de Madrid Depósito 2 17/01/2008     L-5529 1117275 23/02/2023 23/02/2023 Libro impreso
    Clasificación decimal universal       Biblioteca del Ateneo de Madrid Biblioteca del Ateneo de Madrid Depósito 2 17/01/2008 R.113910   L-12657 1117279 23/02/2023 23/02/2023 Libro impreso